000 00468nam a2200169Ia 4500
003 GCL
008 140319s9999 xx 000 0 ara d
040 _aGCL /
_cGCL
082 0 4 _a811.9
_bم ح
100 1 _aمجدى نجيب
245 1 0 _aالحب فى زمن الحرب /
_cمجدى نجيب
490 _a
650 0 4 _aالشعر العربى
650 0 4 _aالادب العربى
650 0 4 _aالشعر العربى - تاريخ ونقد
942 _2ddc
_cBK
999 _c39970
_d39970